| 000 | 00885nam a22002777a 4500 | ||
|---|---|---|---|
| 999 |
_c673 _d673 |
||
| 001 | 562 | ||
| 003 | BD-DhUAP | ||
| 005 | 20200126150933.0 | ||
| 008 | 200126r19961990ii a b 001 0 eng d | ||
| 020 | _a8173280363 | ||
| 040 |
_aBD-DhUAP _bEng _cBD-DhUAP _dBD-DhUAP |
||
| 082 | 0 | 0 |
_223 _a300.723 KOT |
| 100 | 1 |
_aKothari, C. R. _91934 |
|
| 245 | 1 | 0 |
_aResearch methodology : _bmethods and techniques / _cC. R. Kothari. |
| 250 | _a2nd ed. | ||
| 260 |
_aNew Delhi : _bWishwa Prakashani, _c1990 [Reprinted 1996]. |
||
| 300 |
_axii, 468 pages : _billustrations ; _c24 cm. |
||
| 504 | _aIncludes bibliographical references and index. | ||
| 650 | 0 |
_aResearch _xMethodology. _9211 |
|
| 650 | 0 |
_aResearch. _91935 |
|
| 650 | 0 |
_aSocial sciences _xResearch. _91800 |
|
| 650 | 0 |
_aHumanities _xResearch _91936 |
|
| 942 |
_2ddc _cBK |
||